Normal view
MARC view
- Freeman, Richard
Entry Personal Name
001 - CONTROL NUMBER
- control field: 32998
003 - CONTROL NUMBER IDENTIFIER
- control field: OSt
005 - DATE AND TIME OF LATEST TRANSACTION
- control field: 20111127104935.0
008 - FIXED-LENGTH DATA ELEMENTS
- fixed length control field: 111127|||a|||||| | ||| d
040 ## - CATALOGING SOURCE
- Original cataloging agency: OSt
- Transcribing agency: OSt
100 ## - HEADING--PERSONAL NAME
- Personal name: Freeman, Richard
670 ## - SOURCE DATA FOUND
- Source citation: Work cat.: (OSt): Freeman, Richard Lewis, Roger, Planning and implementing assessment, 2005
670 ## - SOURCE DATA FOUND
- Source citation: Work cat.: (OSt): Freeman, Richard Lewis, Roger, Planning and implementing assessment, 2005
